Sola gratia, sola... Udalosť, ktorá pred 497. rokmi "prebudila cirkev a rozdelila svet"

Bibliographic Details
Main Authors: Gábriš, Karol, 1919-1998 (Author), Luther, Martin, 1483-1546 (Author)
Format: Article
Language:Slovak
Subjects:

MARC

LEADER 00000nab a2200000 a 4500
001 vtls000606274
003 SK-MaSNL
005 20260304210145.0
008 140402c1996 xo 0 slo
015 |a SNBRB19rr/mm-uuuuu 
035 |a CL0606413 
040 |a SNKBUCL  |b slo  |c SNKBUCL  |e AACR2 
041 0 |a slo 
044 |a xo  |c SK 
080 |a 265.66:282:281.4  |2 1981 
080 |a 282  |2 1981 
080 |a 281.4  |2 1981 
100 1 |a Gábriš, Karol,  |d 1919-1998  |4 aut  |9 164199 
245 1 0 |a Sola gratia, sola...  |b Udalosť, ktorá pred 497. rokmi "prebudila cirkev a rozdelila svet"  |c Karol Gábriš 
610 2 7 |a Katolícka cirkev  |2 snkbucl  |9 206702 
650 0 7 |a odpustky  |2 snkbucl  |9 24731 
655 7 |a články z novín a časopisov  |2 snkbucl  |9 267496 
700 1 |a Luther, Martin,  |d 1483-1546  |4 aut  |9 106834 
773 0 |t Evanjelický posol spod Tatier  |g Roč. 86, č. 44 (1996), s. 348 
850 |a Slovenská národná knižnica v Martine  |a MTA001 
852 |a SNK  |b KIS3GCP 
958 |a SK 
958 |a RK 
992 |a RBX 
999 |c 3124751  |d 3126681